| 000 | 00792nam a2200205 a 4500 | ||
|---|---|---|---|
| 001 | 000024651 | ||
| 005 | 20240305130443.0 | ||
| 008 | 110202s1982 dr 001 0 spa d | ||
| 040 |
_aDO-SdBNP _bspa _cBNPHU |
||
| 100 | 1 |
_aMaidánik, Kiva _950567 |
|
| 245 | 1 | 3 |
_aEl proceso revolucionario de América Latina visto desde la URSS : _bdesde la revolución cubana hasta la insurrección en Centroamérica / _cKiva Maidánik; prólogo Narciso Isa conde y Sharif Jorge Handal. |
| 250 | _a2a ed. | ||
| 260 |
_aSanto Domingo : _bEditora Taller, _c1982. |
||
| 300 |
_a252 p. : _bil. ; _c24 cm. |
||
| 490 | 1 |
_aBiblioteca Taller _v137 |
|
| 700 | 1 |
_aIsa Conde, Narciso, _d1942- _epról. _912387 |
|
| 700 | 1 |
_aHandal, Sharif Jorge _epról. _950568 |
|
| 830 | 0 |
_aBiblioteca Taller _n137 _950569 |
|
| 049 | _aBNPD | ||
| 999 |
_c24144 _d24144 |
||